[Event "JPN-ch 52nd"]
[Site "Tokyo"]
[Date "2019.04.29"]
[Round "2"]
[White "Qin, Ranran"]
[Black "Schweizer, Simon"]
[Result "0-1"]
[WhiteElo "1988"]
[BlackElo "2186"]
[PlyCount "136"]
[EventDate "2019.04.29"]
[EventType "swiss"]
[EventRounds "10"]
[EventCountry "JPN"]
[SourceTitle "CBM 190 Extra"]
[Source "ChessBase"]
[SourceDate "2019.07.15"]
[SourceVersion "1"]
[SourceVersionDate "2019.07.15"]
[SourceQuality "1"]

1. e4 e5 2. Nf3 Nc6 3. Bc4 Bc5 4. c3 Nf6 5. d4 exd4 6. cxd4 Bb4+ 7. Bd2 Nxe4 8. Bxb4 Nxb4 9. Bxf7+ Kxf7 10. Qb3+ Kf8 11. Qxb4+ Qe7 12. Qxe7+ Kxe7 13. Nc3 Nxc3 14. bxc3 Re8 15. Kd2 Kf8 16. Rhe1 Rxe1 17. Rxe1 d6 18. Ng5 h6 19. Ne6+ Bxe6 20. Rxe6 a5 21. c4 Ra6 22. Kc3 Rb6 23. Re2 Rb1 24. h4 b6 25. Kd3 Kf7 26. Ke4 Ke6 27. Kd3+ Kf7 28. Kc2 Ra1 29. Kb3 Rh1 30. g3 Rd1 31. Kc3 h5 32. d5 b5 33. cxb5 Rxd5 34. Rb2 Rc5+ 35. Kd3 Ke6 36. b6 cxb6 37. Rxb6 Rf5 38. f4 g6 39. Ra6 Rc5 40. Kd4 Kd7 41. Ra7+ Ke6 42. Ra6 Kd7 43. Ra7+ Ke6 44. Ra6 Rd5+ 45. Ke4 Rb5 46. Ra8 Rb4+ 47. Kf3 Ra4 48. Re8+ Kf7 49. Rd8 Ke7 50. Rg8 Ra3+ 51. Ke4 Rxg3 52. Rg7+ Ke6 53. a4 d5+ 54. Kd4 Rg4 55. Ke3 d4+ 56. Ke4 d3 57. Kxd3 Kf6 58. Ra7 Rxf4 59. Ra6+ Kg7 60. Rxa5 Rxh4 61. Ke3 Rb4 62. Kf3 h4 63. Ra8 g5 64. a5 g4+ 65. Kf2 g3+ 66. Kg2 Rb2+ 67. Kf3 Rf2+ 68. Ke3 Rf7 0-1

[Event "JPN-ch (Women)"]
[Site "Tokyo"]
[Date "2018.08.05"]
[Round "4"]
[White "Qin, Ranran"]
[Black "Ishii, Koto"]
[Result "1-0"]
[WhiteElo "1997"]
[BlackElo "1108"]
[PlyCount "51"]
[EventDate "2018.08.04"]
[EventType "swiss"]
[EventRounds "6"]
[EventCountry "JPN"]
[SourceTitle "CBM 186 Extra"]
[Source "ChessBase"]
[SourceDate "2018.08.24"]
[SourceVersion "1"]
[SourceVersionDate "2018.08.24"]
[SourceQuality "1"]

1. e4 e5 2. Nf3 Nc6 3. Bc4 h6 4. d4 exd4 5. Nxd4 Nxd4 6. Qxd4 c5 7. Qd3 d6 8. 0-0 g6 9. Rd1 Nf6 10. e5 Bf5 11. Qb3 Qc7 12. exf6 0-0-0 13. Nc3 Be6 14. Bxe6+ fxe6 15. Qxe6+ Kb8 16. Bf4 g5 17. Bg3 Ka8 18. Nb5 Qc6 19. Nxd6 Bxd6 20. Rxd6 Rxd6 21. Qxd6 Qe4 22. f7 Qf5 23. Qe7 Qd5 24. f8Q+ Rxf8 25. Qxf8+ Qd8 26. Qxd8# 1-0

[Event "JPN-ch (Women)"]
[Site "Tokyo"]
[Date "2018.08.05"]
[Round "6"]
[White "Qin, Ranran"]
[Black "Misawa, Yuki"]
[Result "1-0"]
[WhiteElo "1997"]
[BlackElo "1109"]
[PlyCount "49"]
[EventDate "2018.08.04"]
[EventType "swiss"]
[EventRounds "6"]
[EventCountry "JPN"]
[SourceTitle "CBM 186 Extra"]
[Source "ChessBase"]
[SourceDate "2018.08.24"]
[SourceVersion "1"]
[SourceVersionDate "2018.08.24"]
[SourceQuality "1"]

1. e4 c6 2. d4 d5 3. exd5 cxd5 4. Bd3 Nf6 5. c3 e6 6. Nf3 Bd6 7. 0-0 0-0 8. Re1 Nbd7 9. Bg5 Qc7 10. Nbd2 b6 11. Nf1 h6 12. Bh4 Bb7 13. Bxf6 Nxf6 14. Ng3 a5 15. Ne5 Nd7 16. f4 Nxe5 17. fxe5 Be7 18. Qg4 Kh8 19. Nh5 Rg8 20. Rf1 Bg5 21. Rf3 g6 22. Nf6 Bxf6 23. exf6 h5 24. Qg5 Kh7 25. Qxh5# 1-0

[Event "Zhongshan zt (Women)"]
[Site "Zhongshan"]
[Date "2013.11.02"]
[Round "5"]
[White "Qin, Ranran"]
[Black "Wang, Xinyue"]
[Result "0-1"]
[WhiteElo "2045"]
[BlackElo "2126"]
[PlyCount "64"]
[EventDate "2013.10.29"]
[EventType "swiss"]
[EventRounds "11"]
[EventCountry "CHN"]
[SourceTitle "EXT 2014"]
[Source "ChessBase"]
[SourceDate "2013.11.20"]
[SourceVersion "1"]
[SourceVersionDate "2013.11.20"]
[SourceQuality "1"]

1. e4 e5 2. Nf3 Nc6 3. Bc4 Bc5 4. c3 Nf6 5. d4 exd4 6. cxd4 Bb4+ 7. Bd2 Bxd2+ 8. Nbxd2 d5 9. exd5 Nxd5 10. Qb3 Nce7 11. 0-0 0-0 12. Rfe1 c6 13. Ne4 Nb6 14. Bd3 Be6 15. Qc2 Bd5 16. Rad1 h6 17. Ne5 Qc7 18. Ng3 Rad8 19. Qe2 Bxa2 20. Qe4 f5 21. Qf3 Rxd4 22. Ra1 Bd5 23. Qh5 Nd7 24. Nxd7 Qxd7 25. Qe2 Ng6 26. Qe3 c5 27. Bxf5 Rxf5 28. Nxf5 Qxf5 29. Rad1 Nh4 30. Rxd4 cxd4 31. Qxd4 Qg5 32. Re8+ Kf7 0-1